| 000 | 00695nam a22002177a 4500 | ||
|---|---|---|---|
| 005 | 20251108173410.0 | ||
| 008 | 250721s2004 xx 000 0 ara d | ||
| 020 | _a9772708531 | ||
| 082 | 1 | 4 | _aط538/روز |
| 100 | 1 | _aروزنيسكي، ناتالي | |
| 245 | 1 | 0 | _aالمغناطيسيات : التجاذب و التنافر / |
| 264 | 1 |
_aالقاهره : _bالدار المصرية اللبنانية، _c2004. |
|
| 300 | _a24ص. | ||
| 490 | 0 | _aالعلوم المدهشة | |
| 650 | 1 | 7 | _aالمغنطيسية |
| 700 | 1 |
_aبويد، شري _eArt. |
|
| 700 | 1 |
_aالقاضي، زكريا _eTran. |
|
| 700 | 1 |
_aرشاد، نرمين _eAdvis. |
|
| 942 |
_2ddc _cBK |
||
| 999 |
_c102970 _d102970 |
||